Five Most Democratic Countries by Continent - Statistics

General Stats
  • This quiz has been taken 408 times
  • The average score is 24 of 29
Answer Stats
Continent Score Country % Correct
North America 9.24 Canada
98%
North America 7.92 United States
97%
Oceania 8.96 Australia
96%
Oceania 9.25 New Zealand
95%
Europe 9.81 Norway
95%
Europe 9.20 Finland
94%
Europe 9.26 Sweden
94%
Europe 9.15 Denmark
92%
Asia 8.13 Japan
92%
South America 6.95 Argentina
89%
South America 6.92 Brazil
89%
Europe 9.37 Iceland
89%
Africa 7.05 South Africa
89%
Asia 8.01 South Korea
89%
South America 8.28 Chile
88%
South America 8.61 Uruguay
87%
South America 7.04 Colombia
83%
Oceania 5.72 Fiji
83%
North America 8.16 Costa Rica
80%
Asia 8.94 Taiwan
80%
North America 7.18 Panama
79%
Oceania 6.10 Papua New Guinea
75%
Asia 7.84 Israel
73%
Africa 8.14 Mauritius
68%
Africa 7.62 Botswana
65%
Africa 7.65 Cape Verde
60%
Africa 6.59 Tunisia
57%
North America 7.16 Trinidad and Tobago
53%
Asia 7.56 Cyprus
43%
No matching quizzes found
Score Distribution
Percent of People with Each Score
Percentile by Number Answered
Your Score History
You have not taken this quiz